000 00444nam a22001697a 4500
003 OSt
005 20260131094242.0
008 260131b |||||||| |||| 00| 0 eng d
020 _a9789354654206
040 _cJAYPEE BROTHER
082 _22
_a616.37
_bGOY
100 _aGOYAL R. C
245 _aRESEARCH METHODOLOGY FOR HEALTH PROFESSIONALS.
300 _aX;426;PB
500 _aBILL NO - 6407 DATE - 13/01/2026
942 _2ddc
_cTB
_e2
_n0
999 _c1215278
_d1215278